Statistics for What's the name in Finnish?

Click here to take the quiz!

General Stats

  • This quiz has been taken 43 times
  • The average score is 13 of 20

Answer Stats

Name in EnglishName in Finnish% Correct
SophiaSohvi
91%
EmilyEmmi
89%
LilyLilja
86%
NicholasNiklas
86%
PeterPetri
86%
SusanSusanna
83%
MarkMarkku
80%
ElizabethElisa
77%
AndrewAntero
74%
WilliamVilhelmi
74%
MonicaMonika
71%
EdwardEdvard
54%
CharlesKaarle
51%
GeorgeYrjö
51%
JamesJaakko
49%
JaneJenna
40%
CharlotteLotta
40%
MargaretMarketta
37%
Steven/StephenTeppo
17%
NancyAnu
14%

Score Distribution

Percentile by Number Answered

Percent of People with Each Score

Your Score History

You have not taken this quiz